000
00240nam a2200097Ia 4500
001
939955
005
20250826215237.0
008
250824s9999 xx 000 0 und d
245
0
_a
ÇOK HAVALI DENEYLER
_c
SABİNE DAHM
260
_b
BETA YAYINLARI
999
_c
939955
_d
939955